| 000 | 00995nam0a2200301 4500 | ||
|---|---|---|---|
| 001 | RU\NLR\bibl\1157727 | ||
| 005 | 20260406040828.0 | ||
| 010 |
_a5-17-040551-0 _bАСТ |
||
| 010 |
_a5-9713-4485-4 _bАСТ Москва |
||
| 010 |
_a5-9762-2325-7 _bХранитель _97000 |
||
| 021 |
_aRU _b2007-71891 _93865 |
||
| 035 | _a(NLR Aleph) 001144489 | ||
| 090 |
_a1438528 _c1438528 |
||
| 100 | _a20071121d2007 |||y0rusy50 ca | ||
| 101 | 1 |
_arus _ceng |
|
| 102 | _aRU | ||
| 105 | _ay ||||||||| | ||
| 200 | 1 |
_aПленница моего сердца _eроман _fНэн Райан _g[пер. с англ. Я. Е. Царьковой] |
|
| 210 |
_aМосква _cАСТ [и др.] _d2007 (печ. 2006) |
||
| 215 |
_a317, [1] с. _d21 |
||
| 225 | 1 | _aСерия "Шарм" | |
| 700 | 1 |
_4070 _8rus _7ca _aРайан _bН. _gНэн _3RU\NLR\AUTH\771340 _9111367 |
|
| 801 | 0 |
_aRU _bNLR _c20071121 _gRCR |
|
| 801 | 1 |
_aRU _bNLR _c20071121 |
|
| 942 | _cBOOK | ||
| 980 | _aNB | ||